000 00420nam a22001697a 4500
003 MPLRDC
005 20220104124209.0
008 210129b ||||| |||| 00| 0 eng d
082 _a805.162 ZSZ
100 _a张声肇、朱邦贤、朱邦彦合编
245 _a英文的陷阱
_c
250 _a初版
260 _a
_b百世出版社
_c1983
300 _b
650 _a英语名词
942 _cBK
_o805.162 ZSZ
999 _c17414
_d17404